书目信息 |
| 题名: |
东方文学名著题解
|
|
| 作者: | 季羡林 , 刘安武 编 | |
| 分册: | ||
| 出版信息: | 北京 中国青年出版社 1989.10 |
|
| 页数: | 360页 | |
| 开本: | 20cm | |
| 丛书名: | ||
| 单 册: | ||
| 中图分类: | I11 | |
| 科图分类: | ||
| 主题词: | 文学--作品集--世界 | |
| 电子资源: | ||
| ISBN: | 7-5006-0493-9 | |
| 000 | 00591nam0 2200205 45 | |
| 001 | 0312221749 | |
| 005 | 20050328172231.0 | |
| 010 | @a7-5006-0493-9@dCNY5.15 | |
| 100 | @a20031222d1989 km y0chiy0120 ea | |
| 101 | @achi | |
| 105 | @a z 000yy | |
| 200 | 1 | @a东方文学名著题解@ADong Fang Wen Xue Ming Zhu Ti Jie@f季羡林,刘安武编@FJi Xian Lin,Liu An Wu Bian |
| 210 | @a北京@c中国青年出版社@d1989.10 | |
| 215 | @a360页@d20cm | |
| 606 | 0 | @a文学@x作品集@x世界 |
| 690 | @aI11@v3 | |
| 701 | 0 | @a季羡林@4编 |
| 701 | 0 | @a刘安武@4编 |
| 801 | @aCN@bTSTCL@c20031222 | |
| 905 | @dI11@e167@f1@b227275 | |
| 东方文学名著题解/季羡林,刘安武编.-北京:中国青年出版社,1989.10 |
| 360页;20cm |
| ISBN 7-5006-0493-9:CNY5.15 |
| ● |
| 相关链接 |
|
|
|
|
正题名:东方文学名著题解
索取号:I11/167
 
预约/预借
| 序号 | 登录号 | 条形码 | 馆藏地/架位号 | 状态 | 备注 |
| 1 | 0227272 | 000087248 | 密集书库/ [索取号:I11/167] | 在馆 | |
| 2 | 0227273 | 000087211 | 密集书库/ [索取号:I11/167] | 在馆 | |
| 3 | 0227274 | 000087239 | 密集书库/ [索取号:I11/167] | 在馆 | |
| 4 | 0227275 | 002009301 | 密集书库/ [索取号:I11/167] | 在馆 | |
| 5 | 0227276 | 202070711 | 第一样本阅览室/ [索取号:I11/167] | 在馆 | |
| 6 | 0234067 | 000087266 | 密集书库/ [索取号:I11/167] | 在馆 | |
| 7 | 0234068 | 000087257 | 第二借阅区/ [索取号:I11/167] | 在馆 | |
| 8 | 0234069 | 000087275 | 密集书库/ [索取号:I11/167] | 在馆 | |
| 9 | 0234070 | 000087220 | 密集书库/ [索取号:I11/167] | 在馆 | |
| 10 | 0234071 | 001969338 | 密集书库/ [索取号:I11/167] | 在馆 |